00846 2200289 4500001002100000005001700021008004100038020001800079035002400097082001000121090002000131100001900151245011700170250001000287260004200297300002600339500005800365650002100423700001400444700002200458850001700480980001100497985000600508986001200514999001500526999001500541YOGYA-0209000003911520090227025435.0 ind  a979-22-0976-x 0010-020900000039115 a028.5 a028.5bMan BlK aMAN-KONG, Mary aBarbie dalam kisah sang putri dan si miskincMary Man Kong ; alih bahasa, Ramayanti ; ilustrasi Lisa Falkenstern aCet.7 aJakartabGramedia Pustaka Utamac2004 a[22] hlmbilusc28 cm aJudul asli : The Barbie as the Princes and the pomper aBacaan bergambar aRamayanti aFalkenstern, Lisa aYOPDYOG(JSC) a170206 a2 artrevgm a05B0007245 a05B0007246